Circuits Formule 1 de la saison 2026 - Par Image - Statistiques

Statistiques générales
  • Ce quiz a été pris 870 fois
    223 depuis la dernière actualisation
  • Le résultat moyen est 16 sur 24
Statistiques - réponses
Par images Réponse % Correct
Monte-Carlo
85%
Monza
82%
Suzuka
81%
Las Vegas
79%
Spa-Francorchamps
78%
Barcelone
75%
Shanghai
73%
Djeddah
71%
Bakou
67%
Melbourne
67%
Sao Paulo
67%
Yas Marina
65%
Spielberg
64%
Budapest
63%
Losail
63%
Montréal
63%
Austin
62%
Marina Bay
61%
Miami
59%
Sakhir
59%
Madrid
58%
Mexico
57%
Zandvoort
56%
Silverstone
54%
Aucun quiz correspondant
Distribution des résultats
% des personnes avec chaque résultat
Percentile par nombre de réponses
Votre historique - résultats
Vous n’avez pas pris ce quiz depuis la dernière actualisation